Roma dal comvne di popolo alla signoria pontificia
Uloženo v:
| Hlavní autor: | |
|---|---|
| Médium: | Kniha |
| Jazyk: | italština |
| Vydáno: |
Bolonia
Licinio Cappelli
1952
|
| Edice: | Storia di Roma, 11
|
| Témata: | |
| Tagy: |
Přidat tag
Žádné tagy, Buďte první, kdo vytvoří štítek k tomuto záznamu!
|
MARC
| LEADER | 00000nam a2200000 a 4500 | ||
|---|---|---|---|
| 001 | UCP9075 | ||
| 003 | CL-VaPUC | ||
| 008 | 000317e19520000IT |||||||||||||||||ita|d | ||
| 082 | 0 | 4 | |a 945.04 |b DVP |2 21 |
| 100 | 0 | |a Dvpré Theseider, Evgenio |e author |9 439410 | |
| 245 | 1 | 0 | |a Roma dal comvne di popolo alla signoria pontificia |
| 300 | |a 770 p | ||
| 942 | |c BK | ||
| 945 | |d 20000317 00:00:00 |a rherrera | ||
| 260 | |a Bolonia |b Licinio Cappelli |c 1952 | ||
| 650 | 0 | |a Historia de Italia |9 362027 | |
| 650 | 0 | |a Historia medieval |9 258042 | |
| 650 | 7 | |a ROMA |2 CL-VaPUC |9 317375 | |
| 650 | 0 | |a Papas |9 258738 | |
| 651 | 0 | |a Italia |9 254949 | |
| 583 | |a last modification |c 20000317 00:00:00 |k Rodrigo Vera | ||
| 490 | 0 | |a Storia di Roma, 11 | |
| 999 | |c 285926 |d 285924 | ||
| 952 | |0 0 |1 0 |4 0 |6 945_040000000000000_DVP_1952 |7 0 |8 A |9 330791 |a BIBHIS |b BIBHIS |d 2019-11-20 |i 1395610 |o 945.04 DVP 1952 |p 1395610 |r 2025-01-20 |w 2019-11-20 |y BK |k HIS | ||